|
|
|
|
| LEADER |
01047nam a2200253 a 4500 |
| 001 |
7011 |
| 008 |
130711s1993 xxua b 000 0 eng d |
| 020 |
|
|
|a 1882839153
|
| 040 |
|
|
|a BD-DhAAL
|c BD-DhAAL.
|
| 082 |
0 |
0 |
|a 616.99/406
|2 20
|
| 100 |
1 |
|
|a Claquin, Pierre
|
| 245 |
1 |
0 |
|a Surveillance of morbidity and mortality :
|b module 4 user's guide /
|c Pierre Claquin, Jack Reynolds and David Marsh
|
| 260 |
|
|
|a Washington D.C. :
|b Aga Khan Foundation,
|c 1993.
|
| 300 |
|
|
|a ii, 126 p. :
|b ill. ;
|c 21 cm.
|
| 504 |
|
|
|a Includes bibliographical reference (121 p.)
|
| 541 |
|
|
|e 7011
|
| 650 |
|
0 |
|a Morbidity.
|
| 650 |
|
0 |
|a Surveillance.
|
| 700 |
1 |
|
|a Reynolds, Jack.
|
| 700 |
1 |
|
|a Marsh, David.
|
| 852 |
1 |
|
|a Ayesha Abed Library
|j General shelf.
|
| 999 |
|
|
|c 13666
|d 13666
|
| 952 |
|
|
|0 0
|1 0
|4 0
|6 616_994060000000000_CLA
|7 0
|9 22897
|a BRACUL
|b BRACUL
|c GEN
|d 2013-07-11
|l 0
|o 616.99406 CLA
|p 3010007011
|r 2013-07-11
|t 1
|w 2013-07-11
|y BK
|
| 952 |
|
|
|0 0
|1 0
|4 0
|6 616_994060000000000_CLA
|7 0
|9 22898
|a BRACUL
|b BRACUL
|c GEN
|d 2013-06-11
|l 0
|o 616.99406 CLA
|p 3010007012
|r 2013-07-11
|t 2
|w 2013-07-11
|y BK
|